Burgas Airport Destinations (Burgas, Bulgaria) - Statistics

General Stats
  • This quiz has been taken 80 times
    50 since last reset
  • The average score is 50 of 65
Answer Stats
Airline Destination % Correct
easyJet/TUI Airways London (Gatwick)
100%
Ryanair/Wizz Air London (Luton)
100%
Jet2.com London (Stansted)
100%
Corendon Dutch Airlines/TUI fly Netherlands Amsterdam
96%
Brussels Airlines/Corendon Dutch Airlines/TUI fly Belgium Brussels
96%
Iberojet Madrid
96%
Bulgaria Air Sofia
96%
Buzz/Enter Air/LOT Polish Airlines/Smartwings/Wizz Air Warsaw (Chopin)
96%
Ryanair Warsaw (Modlin)
96%
easyJet/Sundair Berlin
93%
Ryanair/Wizz Air Budapest
93%
Aer Lingus/Ryanair/TUI Airways Dublin
93%
Jet2.com Glasgow
93%
Eurowings Hamburg
93%
Finnair/Jet Time/Norwegian Air Shuttle/Sunclass Airlines Helsinki
93%
Jet2.com Liverpool
93%
easyJet/Jet2.com/TUI Airways Manchester
93%
Jet2.com/TUI Airways Birmingham
89%
Jet Time/Norwegian Air Shuttle/Scandinavian Airlines Copenhagen
89%
Jet2.com Edinburgh
89%
Discover Airlines/Electra Airways Frankfurt
89%
Buzz/Ryanair/Wizz Air Kraków
89%
Luxair Luxembourg
89%
Discover Airlines/Electra Airways Munich
89%
Norwegian Air Shuttle/Scandinavian Airlines/Sunclass Airlines Oslo
89%
Austrian Airlines/Ryanair/Wizz Air Vienna
89%
Buzz/Enter Air Wrocław
89%
Ryanair/Smartwings Bratislava
86%
Jet2.com/TUI Airways Bristol
86%
Electra Airways/Eurowings Düsseldorf
86%
Enter Air/Ryanair/Smartwings/Wizz Air Gdańsk
86%
Buzz/Enter Air/LOT Polish Airlines/Smartwings/Wizz Air Katowice
86%
Jet2.com Leeds/Bradford
86%
airBaltic/Norwegian Air Shuttle Riga
86%
airBaltic Tallinn
86%
Avion Express/GetJet Airlines Vilnius
86%
Enter Air/Smartwings Prague
82%
Norwegian Air Shuttle/TUI fly Nordic Stockholm (Arlanda)
82%
Smartwings Brno
79%
Electra Airways/Eurowings Cologne/Bonn
79%
Electra Airways/TUI fly Deutschland Hannover
79%
Jet2.com/TUI Airways Newcastle upon Tyne
79%
Electra Airways/Eurowings Stuttgart
79%
TUI fly Nordic Gothenburg
75%
Jet2.com East Midlands
71%
Smartwings Ostrava
71%
Buzz/Ryanair Poznań
71%
Sundair Dresden
68%
Ryanair Kaunas
68%
Scandinavian Airlines Trondheim
68%
Jet Time Billund
64%
Smartwings Košice
64%
Eurowings Salzburg
64%
TUI Airways Cardiff
61%
Enter Air/Wizz Air Lublin
61%
Corendon Dutch Airlines Maastricht/Aachen
61%
Scandinavian Airlines Stavanger
61%
Electra Airways/Freebird Airlines Europe Leipzig/Halle
57%
Bulgaria Air Antalya
46%
Buzz/Enter Air Bydgoszcz
46%
Smartwings Pardubice
32%
Enter Air Porto
29%
Freebird Airlines Europe Paderborn/Lippstadt
21%
Smartwings České Budějovice
18%
Jet Time Umeå
11%
No matching quizzes found
Score Distribution
Percent of People with Each Score
Percentile by Number Answered
Your Score History
You have not taken this quiz since the last reset